000
00322nam a2200133Ia 4500
008
220216s9999 xx 000 0 und d
100
_a
Mani J.
245
0
_a
Rubber wood good substitute for timber
260
_b
Rubber Asia
_c
1994
300
_a
106-108
650
_a
Rubber wood
650
_a
Timber source
942
_c
BS
999
_c
49899
_d
49899